UBT Library

Nationalism and internationalism--belonging / (Record no. 160)

000 -LEADER
fixed length control field 00689cam a2200253 a 4500
001 - CONTROL NUMBER
control field 3261152
005 - DATE AND TIME OF LATEST TRANSACTION
control field 20131028060743.0
008 - FIXED-LENGTH DATA ELEMENTS--GENERAL INFORMATION
fixed length control field 810929s1982 flu b 001 0 eng
020 ## - INTERNATIONAL STANDARD BOOK NUMBER
International Standard Book Number 0898742609
080 ## - UNIVERSAL DECIMAL CLASSIFICATION NUMBER
Universal Decimal Classification number 323.1
100 1# - Rafti
Rafti Shafer, Boyd C.
245 10 - TITLE STATEMENT
Title Nationalism and internationalism--belonging /
Statement of responsibility, etc Boyd C. Shafer.
250 ## -
-- Original ed.
260 ## -
-- Malabar, Fla. :
-- R.E. Krieger,
-- 1982.
300 ## -
-- 277 p. ;
-- 29 cm.
490 0# -
-- Anvil series
500 ## -
-- Preface : f. [6]
500 ## -
-- "An Anvil original."
500 ## -
-- Includes index.
504 ## - BIBLIOGRAPHY, ETC. NOTE
Bibliography, etc Bibliography: p. 266-271.
650 #0 -
-- Nacionalizmi
650 #0 -
-- Internacionalizmi
942 ## - ADDED ENTRY ELEMENTS (KOHA)
Source of classification or shelving scheme
Item type Books
Holdings
Withdrawn status Lost status Source of classification or shelving scheme Damaged status Not for loan Collection code Permanent location Current location Shelving location Date acquired Total Checkouts Full call number Barcode Date last seen Price effective from Koha item type
          Koleksioni i përgjithshem UBT - Prishtine UBT - Prishtine Koleksioni i përgjithshem 10/28/2013   323.1 SHAF 001-000176 10/28/2013 10/28/2013 Books
UBT Library © 2015-2024. All rights reserved University Education for Business and Technology